2025 F1 Academy grid - Statistics

General Stats
  • This quiz has been taken 8 times
    6 since last reset
  • The average score is 18 of 26
Answer Stats
Team Nationality Rounds Answer % Correct
MP Motorsport Netherlands All Maya Weug
100%
Campos Racing UK All Alisha Palmowski
83%
ART Grand Prix Brazil All Aurelia Nobels
83%
Campos Racing USA All Chloe Chambers
83%
Prema Racing France All Doriane Pin
83%
Rodin Motorsport UK All Ella Lloyd
83%
ART Grand Prix USA All Lia Block
83%
Campos Racing Brazil All Rafaela Ferreira
83%
Hitech TGR Australia 1-5 Aiva Anagnostiadis
67%
MP Motorsport Denmark All Alba Hurup Larsen
67%
Rodin Motorsport UK All Chloe Chong
67%
ART Grand Prix USA All Courtney Crone
67%
Rodin Motorsport Austria All Emma Felbermayr
67%
MP Motorsport Australia All Joanne Ciconte
67%
Hitech TGR UK 6 Megan Bruce
67%
Hitech TGR Canada All Nicole Havrda
67%
Prema Racing Netherlands All Nina Gademan
67%
Hitech TGR USA 7 Payton Westcott
67%
Hitech TGR UK 7 Rachel Robertson
67%
Prema Racing Switzerland All Tina Hausmann
67%
Hitech TGR Netherlands 5 Esmee Kosterman
50%
Hitech TGR Saudi Arabia 2 Farah Al Yousef
50%
Hitech TGR France 6 Lisa Billard
50%
Hitech TGR Germany 4 Mathilda Paatz
50%
Hitech TGR China 1 Shi Wei
50%
Hitech TGR USA 3 Ava Dobson
33%
No matching quizzes found
Score Distribution
Percent of People with Each Score
Percentile by Number Answered
Your Score History
You have not taken this quiz since the last reset